000 01728cam a22003371ia4500
003 SA-RiAUC
005 20250404125237.0
008 250404s1992 su g 00000 ara c
040 _aSA-RiAUC
_bara
_cSA-RiAUC
_erda
050 4 _b.B57 1992
082 0 4 _a953.08
_qSA-RiAUC
090 _a953.08
_b ب ق ا
100 1 _aالبقاعي، إبراهيم بن عمر بن حسن،
_d809-885 هجري
_eمؤلف.
245 1 0 _aإظهار العصر لأسرار أهل العصر :
_bتاريخ البقاعي /
_cتأليف إبراهيم بن عمر بن حسن البقاعي ؛ دراسة وتحقيق محمد سالم بن شديد العوفي.
246 3 0 _aتاريخ البقاعي
250 _aالطبعة الأولى.
264 1 _aالرياض :
_bمحمد سالم بن شديد العوفي ،
_c1992
300 _aمجلد ؛
_c24 سم
336 _aنص
_btxt
_2rdacontent
_3كتاب
337 _aبدون وسيط
_bn
_2rdamedia
338 _aمجلد
_bnc
_2rdacarrier
505 0 _aالقسم الأول : محرم 855 هـ-ذي الحجة 857 هـ.
650 7 _aالمماليك
_xتاريخ
_2aucsh
650 7 _aالتاريخ الإسلامي
_2aucsh
651 7 _aبلاد الشام
_xتاريخ
_yالعصر المملوكي، 1260-1517
_2aucsh
651 7 _aمصر
_xتاريخ
_yالعصر الإسلامي
_2aucsh
700 1 _aالعوفي، محمد بن سالم بن شديد،
_d1374 هجري-
_eمحقق.
700 1 2 _iتحقيق لـ (عمل) :
_aالبقاعي، إبراهيم بن عمر بن حسن،
_d809-885 هجري.
_tإظهار العصر لأسرار أهل العصر : تاريخ البقاعي.
942 _2ddc
_cBOOK
_n0
949 _aSA-JeALM
_d250404
_ueid123
_n1
999 _c6691
_d6691